000 00849cam a2200313 4500
001 ABS68316
008 041014n2004 000 0 eng u
035 _a(Sirsi) u127703
245 _aRegional survey: Hampshire, Dorset and south Wiltshire
260 _c2004
490 _aProperty Week
_v69(40) 1 October 2004, 67-82(9)
590 _aABS
590 _aABS
650 _aHAMPSHIRE
650 _aDORSET
650 _aSOUTH WILTSHIRE
650 _aFARNBOROUGH
650 _aBASINGSTOKE
650 _aSOUTHAMPTON
650 _aPORTSMOUTH
650 _aLEISURE MARKET
650 _aPROPERTY-COMMERCIAL PROPERTY-RETAIL PROPERTY-RETAIL PROPERTY MARKET
650 _aOFFICE MARKET
650 _aINDUSTRIAL MARKET
650 _aBOURNEMOUTH
650 _aBUSINESS PARKS
690 _aCOMMERCIAL PROPERTY-MARKET
942 _n0
999 _c118161
_d118161